[Event "7th Francophone-ch 2019"]
[Site "Paris"]
[Date "2019.08.08"]
[Round "5.2"]
[White "Bergez, Luc"]
[Black "Eugene, Floryan"]
[Result "1/2-1/2"]
[WhiteElo "2308"]
[BlackElo "2300"]
[Annotator "NA"]
[PlyCount "191"]
[EventDate "2019.08.04"]
[EventType "swiss"]
[EventCountry "FRA"]
[SourceTitle "playchess.com"]
[Source "ChessBase"]
[SourceQuality "1"]
[TimeControl "40/5400+30:1800+30"]

1. e4 {[%emt 0:00:00]} e5 {[%emt 0:14:27]} 2. Nc3 {[%emt 0:00:29]} Nf6 {[%emt 0:00:32]} 3. Bc4 {[%emt 0:00:10]} Nxe4 {[%emt 0:02:53]} 4. Qh5 {[%emt 0:00:10]} Nd6 {[%emt 0:00:03]} 5. Bb3 {[%emt 0:00:09]} Be7 {[%emt 0:00:04]} 6. Qxe5 {[%emt 0:00:10]} O-O {[%emt 0:01:57]} 7. d4 {[%emt 0:00:36]} Bf6 {[%emt 0:17:52]} 8. Qf4 {[%emt 0:00:23]} Ne8 {[%emt 0:01:26]} 9. Nd5 {[%emt 0:14:23]} c6 {[%emt 0:01:30]} 10. Nxf6+ {[%emt 0:00:10]} Nxf6 {[%emt 0:04:27]} 11. Ne2 {[%emt 0:04:49]} Re8 {[%emt 0:04:04]} 12. Be3 {[%emt 0:03:56]} d5 {[%emt 0:03:32]} 13. h3 {[%emt 0:01:56]} Nbd7 {[%emt 0:03:21]} 14. O-O-O {[%emt 0:01:48]} a5 {[%emt 0:04:22]} 15. c3 {[%emt 0:04:23]} Nb6 {[%emt 0:01:52]} 16. Qf3 {[%emt 0:03:03]} a4 {[%emt 0:01:07]} 17. Bc2 {[%emt 0:00:11]} Nc4 {[%emt 0:00:16]} 18. Bd3 {[%emt 0:02:26]} Nxe3 {[%emt 0:08:02]} 19. fxe3 {[%emt 0:00:08]} Qe7 {[%emt 0:00:11]} 20. Kd2 {[%emt 0:01:45]} b5 {[%emt 0:00:09]} 21. a3 {[%emt 0:06:06]} Ne4+ {[%emt 0:07:12]} 22. Bxe4 {[%emt 0:00:24]} dxe4 {[%emt 0:00:06]} 23. Qh5 {[%emt 0:02:44]} f5 {[%emt 0:05:33]} 24. g4 {[%emt 0:04:42]} Rf8 {[%emt 0:05:57]} 25. Rdf1 {[%emt 0:01:48]} Qe6 {[%emt 0:04:01]} 26. Rxf5 {[%emt 0:00:58]} Ba6 {[%emt 0:02:40]} 27. d5 {[%emt 0:12:49]} Rxf5 {[%emt 0:01:30]} 28. Qxf5 {[%emt 0:00:10]} Qxf5 {[%emt 0:00:48]} 29. gxf5 {[%emt 0:00:09]} Rd8 {[%emt 0:00:11]} 30. Ng3 {[%emt 0:12:33]} Rxd5+ {[%emt 0:01:01]} 31. Kc1 {[%emt 0:00:10]} Bc8 {[%emt 0:01:35]} 32. Rf1 {[%emt 0:02:16]} Re5 {[%emt 0:00:30]} 33. Rf4 {[%emt 0:02:11]} Kf7 {[%emt 0:00:34]} 34. h4 {[%emt 0:01:52]} Bd7 {[%emt 0:02:15]} 35. Kd2 {[%emt 0:03:43]} h6 {[%emt 0:00:41]} 36. c4 {[%emt 0:01:31]} bxc4 {[%emt 0:00:40]} 37. Nxe4 {[%emt 0:05:03]} Bxf5 {[%emt 0:00:28]} 38. Nc3 {[%emt 0:04:53]} g5 {[%emt 0:00:37]} 39. hxg5 {[%emt 0:00:45]} hxg5 {[%emt 0:00:01]} 40. Rxc4 {[%emt 0:00:11]} g4 {[%emt 0:00:43]} 41. Rxa4 {[%emt 0:11:10]} g3 {[%emt 0:03:36]} 42. Ke2 {[%emt 0:06:52]} g2 {[%emt 0:03:38]} 43. Kf2 {[%emt 0:00:18]} Rxe3 {[%emt 0:00:13]} 44. Kxg2 {[%emt 0:00:13]} Rd3 {[%emt 0:00:07]} 45. Rb4 {[%emt 0:01:20]} Ke6 {[%emt 0:00:37]} 46. Kf2 {[%emt 0:00:14]} Kd6 {[%emt 0:00:12]} 47. Ke2 {[%emt 0:00:18]} Rh3 {[%emt 0:00:06]} 48. Nd1 {[%emt 0:01:49]} c5 {[%emt 0:01:39]} 49. Ra4 {[%emt 0:02:47]} c4 {[%emt 0:03:17]} 50. Ne3 {[%emt 0:03:48]} Rh2+ {[%emt 0:01:13]} 51. Kf3 {[%emt 0:00:20]} Be6 {[%emt 0:01:13]} 52. Rb4 {[%emt 0:01:54]} Ke5 {[%emt 0:01:38]} 53. a4 {[%emt 0:02:44]} Kd4 {[%emt 0:01:30]} 54. Nd1 {[%emt 0:00:39]} Rh3+ {[%emt 0:01:41]} 55. Kf4 {[%emt 0:01:23]} Bd7 {[%emt 0:05:44]} 56. a5 {[%emt 0:01:23]} Rh5 {[%emt 0:00:46]} 57. b3 {[%emt 0:01:58]} Rf5+ {[%emt 0:00:32]} 58. Kg3 {[%emt 0:00:08]} Rg5+ {[%emt 0:01:14]} 59. Kf4 {[%emt 0:00:14]} Rf5+ {[%emt 0:00:08]} 60. Kg3 {[%emt 0:00:01]} Rg5+ {[%emt 0:00:05]} 61. Kf2 {[%emt 0:00:29]} Rxa5 {[%emt 0:00:27]} 62. Rxc4+ {[%emt 0:00:20]} Ke5 {[%emt 0:00:25]} 63. b4 {[%emt 0:02:04]} Be6 {[%emt 0:01:44]} 64. Rh4 {[%emt 0:00:53]} Ra2+ {[%emt 0:00:56]} 65. Ke3 {[%emt 0:00:39]} Ra3+ {[%emt 0:00:10]} 66. Kd2 {[%emt 0:00:00]} Rh3 {[%emt 0:00:12]} 67. Rxh3 {[%emt 0:00:04]} Bxh3 {[%emt 0:00:04]} 68. Kc3 {[%emt 0:00:42]} Kd5 {[%emt 0:01:20]} 69. Ne3+ {[%emt 0:00:44]} Kc6 {[%emt 0:00:19]} 70. Kb3 {[%emt 0:00:31]} Kb5 {[%emt 0:00:31]} 71. Nd1 {[%emt 0:00:56]} Be6+ {[%emt 0:00:35]} 72. Ka3 {[%emt 0:00:13]} Bg4 {[%emt 0:00:42]} 73. Nc3+ {[%emt 0:00:11]} Kc4 {[%emt 0:01:04]} 74. Ne4 {[%emt 0:00:07]} Kb5 {[%emt 0:00:10]} 75. Nd6+ {[%emt 0:01:07]} Kc6 {[%emt 0:00:14]} 76. Nf7 {[%emt 0:01:01]} Kb5 {[%emt 0:00:10]} 77. Ng5 {[%emt 0:00:21]} Bd1 {[%emt 0:00:30]} 78. Ne6 {[%emt 0:00:27]} Bg4 {[%emt 0:00:27]} 79. Nd4+ {[%emt 0:00:32]} Kc4 {[%emt 0:00:08]} 80. Nc6 {[%emt 0:00:40]} Kb5 {[%emt 0:00:20]} 81. Ne5 {[%emt 0:00:35]} Bd1 {[%emt 0:00:11]} 82. Nd3 {[%emt 0:00:11]} Be2 {[%emt 0:00:32]} 83. Nb2 {[%emt 0:00:58]} Bf3 {[%emt 0:00:39]} 84. Kb3 {[%emt 0:00:08]} Be2 {[%emt 0:01:28]} 85. Ka3 {[%emt 0:00:27]} Bf3 {[%emt 0:00:17]} 86. Na4 {[%emt 0:00:12]} Bg4 {[%emt 0:00:08]} 87. Nc3+ {[%emt 0:00:16]} Kc4 {[%emt 0:00:07]} 88. Ne4 {[%emt 0:00:12]} Kb5 {[%emt 0:00:09]} 89. Kb3 {[%emt 0:00:33]} Bd1+ {[%emt 0:00:07]} 90. Kc3 {[%emt 0:00:06]} Bg4 {[%emt 0:00:07]} 91. Nd6+ {[%emt 0:00:25]} Kc6 {[%emt 0:00:15]} 92. Nf7 {[%emt 0:00:27]} Kb5 {[%emt 0:00:04]} 93. Ng5 {[%emt 0:00:27]} Be2 {[%emt 0:00:44]} 94. Ne6 {[%emt 0:00:23]} Bf1 {[%emt 0:00:26]} 95. Nd4+ {[%emt 0:00:07]} Kb6 {[%emt 0:00:03]} 96. Kb3 {[%emt 0:04:56]} 1/2-1/2

[Event "7th Francophone-ch 2019"]
[Site "Paris"]
[Date "2019.08.08"]
[Round "5.3"]
[White "David, Alberto"]
[Black "Shirazi, Kamran"]
[Result "1/2-1/2"]
[WhiteElo "2553"]
[BlackElo "2343"]
[Annotator "ChessBase"]
[PlyCount "139"]
[EventDate "2019.08.04"]
[EventType "swiss"]
[EventCountry "FRA"]
[SourceTitle "playchess.com"]
[Source "ChessBase"]
[SourceQuality "1"]
[TimeControl "40/5400+30:1800+30"]

1. e4 {[%emt 0:00:00]} c5 {[%emt 0:00:27]} 2. Nf3 {[%emt 0:00:00]} d6 {[%emt 0:00:12]} 3. Bb5+ {[%emt 0:01:24]} Nc6 {[%emt 0:01:27]} 4. O-O {[%emt 0:00:56]} Bd7 {[%emt 0:00:11]} 5. Re1 {[%emt 0:01:27]} a6 {[%emt 0:00:04]} 6. Bxc6 {[%emt 0:01:47]} Bxc6 {[%emt 0:00:03]} 7. d4 {[%emt 0:00:06]} cxd4 {[%emt 0:00:20]} 8. Nxd4 {[%emt 0:00:06]} Nf6 {[%emt 0:07:13]} 9. Nxc6 {[%emt 0:05:39]} bxc6 {[%emt 0:00:03]} 10. c4 {[%emt 0:00:51]} g6 {[%emt 0:00:42]} 11. Qa4 {[%emt 0:07:59]} Qc7 {[%emt 0:03:50]} 12. c5 {[%emt 0:03:29]} dxc5 {[%emt 0:00:39]} 13. Bf4 {[%emt 0:15:23]} Qb7 {[%emt 0:00:33]} 14. Nc3 {[%emt 0:03:33]} Bg7 {[%emt 0:00:24]} 15. e5 {[%emt 0:11:55]} Nd7 {[%emt 0:00:34]} 16. Qc2 {[%emt 0:06:26]} O-O {[%emt 0:00:45]} 17. Na4 {[%emt 0:00:45]} e6 {[%emt 0:02:10]} 18. Rac1 {[%emt 0:04:07]} Qc7 {[%emt 0:06:33]} 19. Qe2 {[%emt 0:05:07]} Rfb8 {[%emt 0:04:31]} 20. b3 {[%emt 0:03:26]} Rb4 {[%emt 0:02:03]} 21. g3 {[%emt 0:01:35]} c4 {[%emt 0:03:57]} 22. Rxc4 {[%emt 0:00:13]} Rxc4 {[%emt 0:00:08]} 23. Qxc4 {[%emt 0:00:12]} h6 {[%emt 0:05:46]} 24. h4 {[%emt 0:00:39]} a5 {[%emt 0:02:49]} 25. Qe2 {[%emt 0:03:50]} Nb6 {[%emt 0:08:55]} 26. Nxb6 {[%emt 0:04:22]} Qxb6 {[%emt 0:00:03]} 27. Qc4 {[%emt 0:00:06]} Bf8 {[%emt 0:02:51]} 28. Rc1 {[%emt 0:00:28]} c5 {[%emt 0:00:41]} 29. Be3 {[%emt 0:04:14]} Rc8 {[%emt 0:02:16]} 30. Rd1 {[%emt 0:05:13]} Qc6 {[%emt 0:01:52]} 31. Rd3 {[%emt 0:00:49]} a4 {[%emt 0:01:35]} 32. Qxa4 {[%emt 0:04:30]} Qxa4 {[%emt 0:05:09]} 33. bxa4 {[%emt 0:00:03]} Ra8 {[%emt 0:00:06]} 34. Bd2 {[%emt 0:00:57]} c4 {[%emt 0:02:26]} 35. Rd4 {[%emt 0:00:45]} Rxa4 {[%emt 0:00:09]} 36. Rd8 {[%emt 0:00:07]} Kg7 {[%emt 0:00:10]} 37. Bxh6+ {[%emt 0:00:11]} Kxh6 {[%emt 0:00:08]} 38. Rxf8 {[%emt 0:00:04]} c3 {[%emt 0:18:54]} 39. Rh8+ {[%emt 0:00:16]} Kg7 {[%emt 0:00:10]} 40. Rc8 {[%emt 0:00:06]} Rxa2 {[%emt 0:06:45]} 41. Rxc3 {[%emt 0:30:06]} Ra5 {[%emt 0:31:18]} 42. Re3 {[%emt 0:00:08]} Kh6 {[%emt 0:00:43]} 43. Kg2 {[%emt 0:01:12]} Ra2 {[%emt 0:01:58]} 44. Re4 {[%emt 0:04:11]} Rb2 {[%emt 0:00:19]} 45. Rf4 {[%emt 0:00:46]} Kg7 {[%emt 0:00:03]} 46. Kf3 {[%emt 0:00:09]} Rb3+ {[%emt 0:00:11]} 47. Kg4 {[%emt 0:00:13]} Rb2 {[%emt 0:00:27]} 48. f3 {[%emt 0:03:28]} Rb5 {[%emt 0:02:36]} 49. Re4 {[%emt 0:00:05]} Kh6 {[%emt 0:00:05]} 50. Re2 {[%emt 0:00:23]} Rb4+ {[%emt 0:00:46]} 51. f4 {[%emt 0:00:09]} Rb3 {[%emt 0:00:05]} 52. Rh2 {[%emt 0:00:49]} Ra3 {[%emt 0:00:47]} 53. h5 {[%emt 0:00:57]} Rb3 {[%emt 0:00:32]} 54. hxg6+ {[%emt 0:00:23]} Kxg6 {[%emt 0:00:03]} 55. Rh8 {[%emt 0:00:51]} Re3 {[%emt 0:01:15]} 56. Rg8+ {[%emt 0:00:00]} Kh7 {[%emt 0:00:00]} 57. Rg5 {[%emt 0:00:00]} Re1 {[%emt 0:00:00]} 58. Kf3 {[%emt 0:00:00]} Ra1 {[%emt 0:00:00]} 59. Kg4 {[%emt 0:00:00]} Re1 {[%emt 0:00:00]} 60. Rh5+ {[%emt 0:00:00]} Kg7 {[%emt 0:00:00]} 61. Kg5 {[%emt 0:00:00]} Re3 {[%emt 0:00:00]} 62. g4 {[%emt 0:00:00]} Re4 {[%emt 0:00:00]} 63. Rh1 {[%emt 0:00:00]} Re2 {[%emt 0:00:00]} 64. Rb1 {[%emt 0:00:00]} Re4 {[%emt 0:00:00]} 65. Rb5 {[%emt 0:00:00]} Re1 {[%emt 0:00:00]} 66. f5 {[%emt 0:00:00]} exf5 {[%emt 0:00:00]} 67. gxf5 {[%emt 0:00:00]} Rxe5 {[%emt 0:00:00]} 68. Rxe5 {[%emt 0:00:00]} f6+ {[%emt 0:00:00]} 69. Kf4 {[%emt 0:00:00]} fxe5+ {[%emt 0:00:00]} 70. Ke4 {[%emt 0:08:04]} 1/2-1/2

[Event "7th Francophone-ch 2019"]
[Site "Paris"]
[Date "2019.08.08"]
[Round "5.4"]
[White "Gerber, Richard"]
[Black "Shchekachev, Andrei"]
[Result "1/2-1/2"]
[WhiteElo "2310"]
[BlackElo "2531"]
[Annotator "ChessBase"]
[PlyCount "83"]
[EventDate "2019.08.04"]
[EventType "swiss"]
[EventCountry "FRA"]
[SourceTitle "playchess.com"]
[Source "ChessBase"]
[SourceQuality "1"]
[TimeControl "40/5400+30:1800+30"]

1. Nf3 {[%emt 0:00:00]} d6 {[%emt 0:00:08]} 2. d4 {[%emt 0:00:22]} g6 {[%emt 0:01:46]} 3. e4 {[%emt 0:03:32]} Nf6 {[%emt 0:02:48]} 4. Nc3 {[%emt 0:02:00]} Bg7 {[%emt 0:00:12]} 5. Be3 {[%emt 0:00:25]} Nc6 {[%emt 0:04:22]} 6. Be2 {[%emt 0:07:08]} O-O {[%emt 0:02:11]} 7. O-O {[%emt 0:02:27]} a6 {[%emt 0:08:10]} 8. d5 {[%emt 0:03:49]} Na7 {[%emt 0:04:20]} 9. a4 {[%emt 0:07:06]} e6 {[%emt 0:01:54]} 10. Nd2 {[%emt 0:04:54]} exd5 {[%emt 0:08:39]} 11. exd5 {[%emt 0:00:12]} Re8 {[%emt 0:06:28]} 12. Bf3 {[%emt 0:01:41]} Rxe3 {[%emt 0:12:40]} 13. fxe3 {[%emt 0:00:12]} Bd7 {[%emt 0:01:25]} 14. Qe2 {[%emt 0:14:57]} Qe7 {[%emt 0:05:50]} 15. Rae1 {[%emt 0:07:06]} h5 {[%emt 0:04:48]} 16. Qc4 {[%emt 0:02:49]} Ne8 {[%emt 0:01:15]} 17. Qe4 {[%emt 0:05:55]} Qd8 {[%emt 0:08:42]} 18. Be2 {[%emt 0:02:23]} Nc8 {[%emt 0:02:17]} 19. Bd3 {[%emt 0:02:07]} Nf6 {[%emt 0:06:27]} 20. Qf4 {[%emt 0:05:22]} Be8 {[%emt 0:01:18]} 21. Qh4 {[%emt 0:12:51]} Nb6 {[%emt 0:00:31]} 22. e4 {[%emt 0:00:51]} Nbd7 {[%emt 0:05:39]} 23. Nf3 {[%emt 0:05:04]} Nc5 {[%emt 0:04:06]} 24. h3 {[%emt 0:02:43]} Nfd7 {[%emt 0:01:59]} 25. Qxd8 {[%emt 0:00:40]} Rxd8 {[%emt 0:00:02]} 26. a5 {[%emt 0:00:15]} Ne5 {[%emt 0:00:20]} 27. Nxe5 {[%emt 0:02:28]} Bxe5 {[%emt 0:00:02]} 28. Kf2 {[%emt 0:00:12]} h4 {[%emt 0:01:29]} 29. Ke3 {[%emt 0:00:28]} Kg7 {[%emt 0:01:28]} 30. Nd1 {[%emt 0:01:15]} Bd7 {[%emt 0:00:49]} 31. b4 {[%emt 0:00:33]} Na4 {[%emt 0:00:25]} 32. Kd2 {[%emt 0:01:41]} Rb8 {[%emt 0:00:27]} 33. Rf3 {[%emt 0:01:07]} b6 {[%emt 0:01:31]} 34. Ref1 {[%emt 0:00:15]} f6 {[%emt 0:00:23]} 35. axb6 {[%emt 0:00:49]} cxb6 {[%emt 0:00:05]} 36. Be2 {[%emt 0:01:47]} a5 {[%emt 0:01:41]} 37. Rb3 {[%emt 0:00:12]} axb4 {[%emt 0:01:11]} 38. Rxb4 {[%emt 0:00:01]} Nc5 {[%emt 0:00:08]} 39. Rf3 {[%emt 0:01:10]} g5 {[%emt 0:00:55]} 40. Nf2 {[%emt 0:00:37]} Bf4+ {[%emt 0:00:30]} 41. Rxf4 {[%emt 0:30:30]} gxf4 {[%emt 0:30:05]} 42. Nd3 {[%emt 0:00:00]} 1/2-1/2

[Event "7th Francophone-ch 2019"]
[Site "Paris"]
[Date "2019.08.08"]
[Round "5.5"]
[White "Mastrovasilis, Athanasios"]
[Black "Sandu, Mihaela"]
[Result "1-0"]
[WhiteElo "2518"]
[BlackElo "2286"]
[Annotator "ChessBase"]
[PlyCount "83"]
[EventDate "2019.08.04"]
[EventType "swiss"]
[EventCountry "FRA"]
[SourceTitle "playchess.com"]
[Source "ChessBase"]
[SourceQuality "1"]
[TimeControl "40/5400+30:1800+30"]

1. d4 {[%emt 0:03:13]} Nf6 {[%emt 0:00:00]} 2. Nf3 {[%emt 0:00:18]} g6 {[%emt 0:00:00]} 3. g3 {[%emt 0:00:23]} Bg7 {[%emt 0:00:06]} 4. Bg2 {[%emt 0:00:06]} d5 {[%emt 0:02:56]} 5. O-O {[%emt 0:01:32]} O-O {[%emt 0:00:03]} 6. c3 {[%emt 0:00:41]} Bf5 {[%emt 0:06:00]} 7. Nbd2 {[%emt 0:02:37]} c6 {[%emt 0:03:08]} 8. Nh4 {[%emt 0:01:23]} Bg4 {[%emt 0:00:31]} 9. h3 {[%emt 0:08:08]} Bc8 {[%emt 0:03:05]} 10. Re1 {[%emt 0:08:48]} Nbd7 {[%emt 0:08:52]} 11. Nhf3 {[%emt 0:14:44]} c5 {[%emt 0:09:09]} 12. a4 {[%emt 0:06:47]} Qc7 {[%emt 0:08:17]} 13. e4 {[%emt 0:12:30]} cxd4 {[%emt 0:13:31]} 14. Nxd4 {[%emt 0:01:05]} dxe4 {[%emt 0:00:40]} 15. Nxe4 {[%emt 0:02:12]} Nxe4 {[%emt 0:00:05]} 16. Rxe4 {[%emt 0:02:02]} Nc5 {[%emt 0:01:28]} 17. Nb5 {[%emt 0:10:19]} Qd8 {[%emt 0:01:49]} 18. Rd4 {[%emt 0:02:55]} Bxd4 {[%emt 0:08:04]} 19. cxd4 {[%emt 0:00:02]} a6 {[%emt 0:01:43]} 20. Nc3 {[%emt 0:00:39]} Nd7 {[%emt 0:00:09]} 21. Bh6 {[%emt 0:00:50]} Re8 {[%emt 0:00:24]} 22. Rc1 {[%emt 0:05:13]} Nf6 {[%emt 0:02:50]} 23. g4 {[%emt 0:00:12]} Be6 {[%emt 0:06:23]} 24. d5 {[%emt 0:01:24]} Bd7 {[%emt 0:00:03]} 25. Qd4 {[%emt 0:01:38]} Rc8 {[%emt 0:03:01]} 26. Re1 {[%emt 0:00:34]} b5 {[%emt 0:10:34]} 27. axb5 {[%emt 0:00:25]} axb5 {[%emt 0:00:04]} 28. Bf1 {[%emt 0:06:10]} Bc6 {[%emt 0:01:18]} 29. Rd1 {[%emt 0:01:11]} e5 {[%emt 0:05:58]} 30. Qe3 {[%emt 0:00:44]} Nxd5 {[%emt 0:00:43]} 31. Nxd5 {[%emt 0:01:08]} Bxd5 {[%emt 0:00:28]} 32. Bg2 {[%emt 0:00:31]} e4 {[%emt 0:00:40]} 33. Qd4 {[%emt 0:00:22]} f6 {[%emt 0:00:03]} 34. Qxd5+ {[%emt 0:00:19]} Qxd5 {[%emt 0:00:04]} 35. Rxd5 {[%emt 0:00:05]} g5 {[%emt 0:02:50]} 36. h4 {[%emt 0:02:19]} Rc1+ {[%emt 0:00:38]} 37. Kh2 {[%emt 0:00:01]} Rc2 {[%emt 0:01:18]} 38. Rf5 {[%emt 0:01:01]} gxh4 {[%emt 0:00:53]} 39. Rxf6 {[%emt 0:00:46]} Rxb2 {[%emt 0:00:05]} 40. Bxe4 {[%emt 0:00:47]} b4 {[%emt 0:00:43]} 41. Bd5+ {[%emt 0:30:47]} Kh8 {[%emt 0:30:05]} 42. Rf7 {[%emt 0:01:22]} 1-0

[Event "7th Francophone-ch 2019"]
[Site "Paris"]
[Date "2019.08.08"]
[Round "5.6"]
[White "Macon, Arthur"]
[Black "Flom, Gabriel"]
[Result "0-1"]
[WhiteElo "2270"]
[BlackElo "2494"]
[Annotator "ChessBase"]
[PlyCount "96"]
[EventDate "2019.08.04"]
[EventType "swiss"]
[EventCountry "FRA"]
[SourceTitle "playchess.com"]
[Source "ChessBase"]
[SourceQuality "1"]
[TimeControl "40/5400+30:1800+30"]

1. Nf3 {[%emt 0:00:00]} Nf6 {[%emt 0:00:00]} 2. g3 {[%emt 0:00:11]} g6 {[%emt 0:00:00]} 3. b3 {[%emt 0:01:06]} Bg7 {[%emt 0:00:00]} 4. Bb2 {[%emt 0:00:18]} d6 {[%emt 0:00:00]} 5. d4 {[%emt 0:00:27]} O-O {[%emt 0:00:19]} 6. Bg2 {[%emt 0:00:44]} a5 {[%emt 0:09:30]} 7. a4 {[%emt 0:07:26]} c6 {[%emt 0:00:30]} 8. O-O {[%emt 0:01:02]} Ne4 {[%emt 0:05:57]} 9. Nfd2 {[%emt 0:09:35]} Nxd2 {[%emt 0:00:03]} 10. Qxd2 {[%emt 0:00:23]} f5 {[%emt 0:05:49]} 11. Na3 {[%emt 0:11:51]} d5 {[%emt 0:01:31]} 12. f3 {[%emt 0:02:42]} f4 {[%emt 0:01:11]} 13. e4 {[%emt 0:05:26]} e6 {[%emt 0:21:09]} 14. Rae1 {[%emt 0:02:59]} Nd7 {[%emt 0:12:35]} 15. Bh3 {[%emt 0:02:20]} Nb6 {[%emt 0:10:29]} 16. Kg2 {[%emt 0:08:47]} Bd7 {[%emt 0:04:13]} 17. Bc3 {[%emt 0:08:19]} dxe4 {[%emt 0:08:50]} 18. fxe4 {[%emt 0:03:54]} f3+ {[%emt 0:00:18]} 19. Kh1 {[%emt 0:00:40]} e5 {[%emt 0:00:02]} 20. Bxd7 {[%emt 0:00:54]} Qxd7 {[%emt 0:02:50]} 21. Bxa5 {[%emt 0:12:35]} f2 {[%emt 0:05:22]} 22. Re2 {[%emt 0:01:55]} Qg4 {[%emt 0:00:05]} 23. Rexf2 {[%emt 0:02:02]} Qxe4+ {[%emt 0:00:07]} 24. Kg1 {[%emt 0:00:15]} Rxf2 {[%emt 0:01:24]} 25. Rxf2 {[%emt 0:00:20]} Nd5 {[%emt 0:00:08]} 26. Re2 {[%emt 0:03:17]} Qxd4+ {[%emt 0:00:43]} 27. Qxd4 {[%emt 0:02:59]} exd4 {[%emt 0:00:01]} 28. Bd2 {[%emt 0:00:17]} b5 {[%emt 0:00:10]} 29. Re6 {[%emt 0:09:54]} Bf8 {[%emt 0:01:22]} 30. Rxc6 {[%emt 0:01:38]} Bxa3 {[%emt 0:02:32]} 31. axb5 {[%emt 0:00:11]} Rb8 {[%emt 0:00:05]} 32. Bh6 {[%emt 0:00:44]} Rxb5 {[%emt 0:01:17]} 33. Rc8+ {[%emt 0:00:22]} Kf7 {[%emt 0:00:01]} 34. Rh8 {[%emt 0:00:36]} Nf6 {[%emt 0:00:15]} 35. Ra8 {[%emt 0:00:39]} Bc5 {[%emt 0:02:22]} 36. Kg2 {[%emt 0:00:07]} d3 {[%emt 0:00:14]} 37. cxd3 {[%emt 0:00:09]} Rxb3 {[%emt 0:00:01]} 38. Rc8 {[%emt 0:00:44]} Rb2+ {[%emt 0:00:15]} 39. Kf1 {[%emt 0:00:53]} Rxh2 {[%emt 0:01:25]} 40. Rxc5 {[%emt 0:00:46]} Rxh6 {[%emt 0:00:06]} 41. Kg2 {[%emt 0:00:40]} Rh5 {[%emt 0:00:00]} 42. Rc7+ {[%emt 0:00:14]} Ke6 {[%emt 0:00:00]} 43. Kf3 {[%emt 0:00:24]} Rf5+ {[%emt 0:00:17]} 44. Ke2 {[%emt 0:00:23]} Re5+ {[%emt 0:00:25]} 45. Kf3 {[%emt 0:02:26]} Kf5 {[%emt 0:00:08]} 46. Rf7 {[%emt 0:01:58]} h5 {[%emt 0:00:07]} 47. Rf8 {[%emt 0:00:37]} Rd5 {[%emt 0:00:13]} 48. Ke3 {[%emt 0:00:21]} Rd6 {[%emt 0:00:34]} 0-1

[Event "7th Francophone-ch 2019"]
[Site "Paris"]
[Date "2019.08.08"]
[Round "5.7"]
[White "Defromont, Benjamin"]
[Black "Aloma Vidal, Robert"]
[Result "0-1"]
[WhiteElo "2245"]
[BlackElo "2419"]
[Annotator "NA"]
[PlyCount "110"]
[EventDate "2019.08.04"]
[EventType "swiss"]
[EventCountry "FRA"]
[SourceTitle "playchess.com"]
[Source "ChessBase"]
[SourceQuality "1"]
[TimeControl "40/5400+30:1800+30"]

1. e4 {[%emt 0:00:00]} g6 {[%emt 0:07:11]} 2. d4 {[%emt 0:00:02]} Bg7 {[%emt 0:00:06]} 3. Nf3 {[%emt 0:00:20]} c6 {[%emt 0:00:52]} 4. Nbd2 {[%emt 0:05:45]} d6 {[%emt 0:01:26]} 5. Bd3 {[%emt 0:00:57]} Nf6 {[%emt 0:00:15]} 6. O-O {[%emt 0:00:26]} O-O {[%emt 0:00:05]} 7. Re1 {[%emt 0:00:57]} Nbd7 {[%emt 0:00:17]} 8. Nf1 {[%emt 0:01:27]} e5 {[%emt 0:00:21]} 9. c3 {[%emt 0:02:08]} Re8 {[%emt 0:00:37]} 10. Ng3 {[%emt 0:02:37]} Qc7 {[%emt 0:01:17]} 11. h3 {[%emt 0:03:01]} Nf8 {[%emt 0:04:08]} 12. Be3 {[%emt 0:04:04]} Ne6 {[%emt 0:03:34]} 13. Qd2 {[%emt 0:02:29]} h5 {[%emt 0:02:48]} 14. a4 {[%emt 0:12:41]} a5 {[%emt 0:05:29]} 15. Rad1 {[%emt 0:07:29]} Nd7 {[%emt 0:03:07]} 16. Bc4 {[%emt 0:03:56]} Nb6 {[%emt 0:02:07]} 17. Bb3 {[%emt 0:02:27]} exd4 {[%emt 0:00:26]} 18. cxd4 {[%emt 0:08:01]} d5 {[%emt 0:00:42]} 19. Bh6 {[%emt 0:04:23]} Bd7 {[%emt 0:05:36]} 20. Bxg7 {[%emt 0:02:49]} Kxg7 {[%emt 0:00:17]} 21. Ng5 {[%emt 0:02:20]} h4 {[%emt 0:05:53]} 22. Nxe6+ {[%emt 0:32:41]} Rxe6 {[%emt 0:04:32]} 23. Nf1 {[%emt 0:00:00]} Rxe4 {[%emt 0:03:20]} 24. Rxe4 {[%emt 0:00:00]} dxe4 {[%emt 0:00:02]} 25. Qg5 {[%emt 0:00:00]} Qd6 {[%emt 0:06:51]} 26. Ne3 {[%emt 0:00:00]} Qb4 {[%emt 0:05:12]} 27. Bc2 {[%emt 0:00:00]} Re8 {[%emt 0:06:51]} 28. b3 {[%emt 0:00:00]} f5 {[%emt 0:03:14]} 29. Qxh4 {[%emt 0:00:00]} Be6 {[%emt 0:01:35]} 30. Qf4 {[%emt 0:00:00]} Nd5 {[%emt 0:01:27]} 31. Qe5+ {[%emt 0:00:00]} Nf6 {[%emt 0:01:04]} 32. Qc5 {[%emt 0:00:00]} Qxc5 {[%emt 0:04:42]} 33. dxc5 {[%emt 0:00:00]} f4 {[%emt 0:02:14]} 34. Nf1 {[%emt 0:00:00]} Bd5 {[%emt 0:02:04]} 35. Rb1 {[%emt 0:02:33]} Nd7 {[%emt 0:01:07]} 36. b4 {[%emt 0:00:05]} axb4 {[%emt 0:00:04]} 37. Rxb4 {[%emt 0:00:08]} Nxc5 {[%emt 0:00:08]} 38. Rb1 {[%emt 0:01:11]} Kf6 {[%emt 0:01:20]} 39. g3 {[%emt 0:01:47]} g5 {[%emt 0:00:49]} 40. Re1 {[%emt 0:01:23]} Ke5 {[%emt 0:08:50]} 41. f3 {[%emt 0:07:30]} Kd4 {[%emt 0:00:39]} 42. fxe4 {[%emt 0:02:41]} Nxe4 {[%emt 0:01:41]} 43. h4 {[%emt 0:03:44]} gxh4 {[%emt 0:00:38]} 44. gxf4 {[%emt 0:00:23]} Rg8+ {[%emt 0:02:25]} 45. Kh2 {[%emt 0:00:13]} Rf8 {[%emt 0:05:05]} 46. Bxe4 {[%emt 0:05:47]} Bxe4 {[%emt 0:00:05]} 47. Nd2 {[%emt 0:00:04]} Rxf4 {[%emt 0:01:34]} 48. Nb3+ {[%emt 0:02:29]} Kd5 {[%emt 0:02:11]} 49. Rd1+ {[%emt 0:00:14]} Ke5 {[%emt 0:02:46]} 50. Nc5 {[%emt 0:01:00]} b6 {[%emt 0:04:52]} 51. Nd7+ {[%emt 0:00:19]} Kf5 {[%emt 0:00:04]} 52. Nxb6 {[%emt 0:01:25]} Rf2+ {[%emt 0:00:28]} 53. Kh3 {[%emt 0:00:12]} Kg5 {[%emt 0:00:48]} 54. Rg1+ {[%emt 0:01:00]} Kh5 {[%emt 0:00:14]} 55. Rg4 {[%emt 0:00:18]} Bf5 {[%emt 0:00:14]} 0-1